Interagency co-operation and communication between police and parole agencies
| Main Author: | |
|---|---|
| Format: | Print Book |
| Language: | Undetermined language |
| Published: |
Edmonton, Alberta
Population Research Laboratory, Dep. of Sociology, Univ. of Alberta
1983
|
| In: |
Discussion paper (1)
Year: 1983 |
| Availability in Tübingen: | Present in Tübingen. UB: KB 8 E 920 |
| Check availability: | HBZ Gateway |
| Subito Delivery Service: | Order now. |
MARC
| LEADER | 00000cam a2200000 c 4500 | ||
|---|---|---|---|
| 001 | 108378482X | ||
| 003 | DE-627 | ||
| 005 | 20220514110111.0 | ||
| 007 | tu | ||
| 008 | 880304s1983 xx ||||| 00| ||und c | ||
| 035 | |a (DE-627)108378482X | ||
| 035 | |a (DE-576)01378482X | ||
| 035 | |a (DE-599)BSZ01378482X | ||
| 035 | |a (OCoLC)310830483 | ||
| 040 | |a DE-627 |b ger |c DE-627 |e rakwb | ||
| 100 | 1 | |a Cunningham, Philip |4 aut | |
| 245 | 1 | 0 | |a Interagency co-operation and communication between police and parole agencies |
| 264 | 1 | |a Edmonton, Alberta |b Population Research Laboratory, Dep. of Sociology, Univ. of Alberta |c 1983 | |
| 300 | |a 33 S. | ||
| 336 | |a Text |b txt |2 rdacontent | ||
| 337 | |a ohne Hilfsmittel zu benutzen |b n |2 rdamedia | ||
| 338 | |a Band |b nc |2 rdacarrier | ||
| 490 | 1 | |a Discussion paper / Centre for Criminological Research |v 1 | |
| 583 | 1 | |a Archivierung prüfen |c 20200919 |f DE-640 |z 1 |2 pdager | |
| 810 | 2 | |a Centre for Criminological Research |g Edmonton, Alberta |t Discussion paper |v 1 |9 1 |w (DE-627)1083719351 |w (DE-576)013719351 |x 0824-5134 |7 am | |
| 951 | |a BO | ||
| ELC | |b 1 | ||
| LOK | |0 000 xxxxxcx a22 zn 4500 | ||
| LOK | |0 001 210450922X | ||
| LOK | |0 003 DE-627 | ||
| LOK | |0 004 108378482X | ||
| LOK | |0 005 20151102133052 | ||
| LOK | |0 008 880304||||||||||||||||ger||||||| | ||
| LOK | |0 040 |a DE-21 |c DE-627 |d DE-21 | ||
| LOK | |0 852 |a DE-21 | ||
| LOK | |0 852 1 |c KB 8 E 920 |9 00 | ||
| LOK | |0 935 |a krim | ||
| LOK | |0 939 |a 04-03-88 |b l01 | ||
| ORI | |a SA-MARC-krimdoka001.raw | ||
| SIG | |a UB: KB 8 E 920 | ||
